Giambologna, 1529-1608 : sculptor to the Medici : an exhibition organised by the Arts Council of Great Britain and the Kunsthistorisches Museum, Vienna, in association with the Edinburgh Festival Society, the Royal Scottish Museum, and the Victoria & Albert Museum [held at the] Royal Scottish Museum, Edinburgh 19 August-10 September 1978, Victoria & Albert Museum, London 5 October-16 November 1978, Kunsthistorisches Museum, Vienna 2 December 1978-28 January 1979 /

Bibliographic Details
Main Author: Bologne, Jean de, 1524-1608
Corporate Authors: Arts Council of Great Britain, Kunsthistorisches Museum Wien
Other Authors: Avery, Charles, Radcliffe, Anthony
Format: Book
Language:English
Published: [London] : The Council, 1978.
Subjects:

MARC

Tag First Indicator Second Indicator Subfields
LEADER 00000cam a2200000 i 4500
001 in00000042943
005 20151007064936.0
008 790920s1978 enkac bc 00010 eng
010 |a  79312512  
015 |a GB78-37831 
020 |a 0728701812 :  |c 11.00 
020 |a 0728701804 (pbk.) 
035 |a (OCoLC)05832838 
035 |9 AAE0935AM 
040 |a DLC  |c DLC  |d TXA  |d UtOrBLW 
049 |a TXAM  |c [1383398] 
050 0 0 |a NB623.B7  |b A4 1978 
082 0 |a 730/.92/4 
100 1 |a Bologne, Jean de,  |d 1524-1608. 
245 1 0 |a Giambologna, 1529-1608 :  |b sculptor to the Medici : an exhibition organised by the Arts Council of Great Britain and the Kunsthistorisches Museum, Vienna, in association with the Edinburgh Festival Society, the Royal Scottish Museum, and the Victoria & Albert Museum [held at the] Royal Scottish Museum, Edinburgh 19 August-10 September 1978, Victoria & Albert Museum, London 5 October-16 November 1978, Kunsthistorisches Museum, Vienna 2 December 1978-28 January 1979 /  |c catalogue edited by Charles Avery and Anthony Radcliffe. 
264 1 |a [London] :  |b The Council,  |c 1978. 
300 |a 239 pages :  |b illustrations (some color) ;  |c 27 cm. 
336 |a text  |b txt  |2 rdacontent 
337 |a unmediated  |b n  |2 rdamedia 
338 |a volume  |b nc  |2 rdacarrier 
504 |a Bibliography: pages 235-239. 
600 1 0 |a Bologne, Jean de,  |d 1524-1608  |x Exhibitions. 
700 1 |a Avery, Charles. 
700 1 |a Radcliffe, Anthony. 
710 2 |a Arts Council of Great Britain. 
710 2 |a Kunsthistorisches Museum Wien. 
999 |a MARS 
999 f f |s 2043beed-18fa-39c1-bf53-2c70215375ad  |i bef8ff26-d250-3a53-9113-5a4390d646e6  |t 0 
952 f f |p normal  |a Texas A&M University  |b College Station  |c Sterling C. Evans Library  |d Evans: Library Stacks  |t 0  |e NB623.B7 A4 1978  |h Library of Congress classification  |i unmediated -- volume  |m A14803456930 
998 f f |a NB623.B7 A4 1978  |t 0  |l Evans: Library Stacks